| 000 | 01517 a2200277 4500 | ||
|---|---|---|---|
| 003 | Nust | ||
| 005 | 20221208145506.0 | ||
| 010 | _a 99040937 | ||
| 020 | _a0028048377 | ||
| 035 | _a(DLC) 99040937 | ||
| 040 | _cNust | ||
| 082 | 0 | 0 | _a621.382, FRE |
| 100 | 1 |
_aFrenzel, Louis E. _910004 |
|
| 245 | 1 | 0 |
_aCommunication electronics : _bprinciples and applications / _cLouis E. Frenzel. |
| 250 | _a3rd ed. | ||
| 260 |
_aNew York : _bGlencoe, _cc2001. |
||
| 300 |
_axii, 532 p. : _bill. ; _c29 cm. |
||
| 440 | 0 |
_aBasic skills in electricity and electronics _994578 |
|
| 505 | _aIntroduction to electronic communications (Page-1), Amplitude modulation and single sideband modulation (Page-21), Amplitude modulation circuits (Page-43), Frequency modulation (Page-68), Frequency modulation circuits (Page-86), Radio Transmitters (Page-110), Communications Receivers (Page-144), Multiplexing (Page-190), Antennas,Transmission lines, and Radio wave propagation (Page-224), Microwave Techniques (Page-259), Introduction to satellite communications (Page-304),Data Communications (Page-347), Fibers-optic Communications (Page-407), Television (Page-434), The Telephone system and its applications (Page-475). | ||
| 650 | 0 | _aElectronics. | |
| 650 | 0 |
_aRadio _xReceivers and reception. |
|
| 650 | 0 | _aTelecommunication. | |
| 856 | 4 | 2 |
_3Publisher description _uhttp://www.loc.gov/catdir/description/mh031/99040937.html |
| 856 | 4 | 2 |
_3Table of contents _uhttp://www.loc.gov/catdir/toc/mh031/99040937.html |
| 942 |
_2ddc _cBK |
||
| 999 |
_c182504 _d182504 |
||